Algunos elementos de dinámica grupal
Guardat en:
| Autor principal: | |
|---|---|
| Format: | Llibre |
| Idioma: | espanyol |
| Publicat: |
Santiago
Secretariado de Comunicación Social
1978
|
| Matèries: | |
| Etiquetes: |
Afegir etiqueta
Sense etiquetes, Sigues el primer a etiquetar aquest registre!
|
MARC
| LEADER | 00000nam a2200000 a 4500 | ||
|---|---|---|---|
| 001 | UCY7249 | ||
| 003 | CL-VaPUC | ||
| 008 | 950609e19780400CL |||||||||||||||||spa|d | ||
| 082 | 0 | 4 | |a 303.34 |b COR |2 21 |
| 100 | 0 | |a Cornejo C., Sergio |e author |9 337619 | |
| 245 | 1 | 0 | |a Algunos elementos de dinámica grupal |
| 300 | |a 16 p | ||
| 942 | |c BK | ||
| 945 | |d 19950609 00:00:00 |a mfernand | ||
| 260 | |a Santiago |b Secretariado de Comunicación Social |c 1978 | ||
| 650 | 0 | |a Liderazgo |9 271835 | |
| 650 | 0 | |a Dinámica de grupos |9 259862 | |
| 650 | 7 | |a COMPORTAMIENTO DE GRUPO |2 CL-VaPUC |9 335588 | |
| 650 | 7 | |a TRABAJO EN GRUPO |2 CL-VaPUC |9 337620 | |
| 650 | 0 | |a Trabajo social |9 307856 | |
| 650 | 0 | |a Comunidades |9 337024 | |
| 583 | |a last modification |c 19950609 00:00:00 |k Rodrigo Vera | ||
| 999 | |c 234666 |d 234664 | ||
| 952 | |0 0 |1 0 |4 0 |6 303_340000000000000_COR_1978 |7 0 |8 P |9 241262 |a BIBEDU |b BIBEDU |c BIBEDU_PB |d 2019-11-18 |i 1516949 |o 303.34 COR 1978 |p 1516949 |r 2019-11-18 |w 2019-11-18 |y BK |k EDU | ||